DMV PRACTICE QUESTIONS (Class A) - Statistics

General Stats
  • This quiz has been taken 41 times
  • The average score is 3 of 8
Answer Stats
Question Answer % Correct
Which of these statements is not true? A drinker can control how fast his or her body absorbs and gets rid of alcohol.
80%
The distance that you should look ahead of your vehicle while driving is _____ at low speeds. 12-15 seconds.
60%
A car suddenly "cuts" in front of you creating a hazard. Which of these actions should you not take? Honk and stay close behind the car.
52%
How far should a driver look ahead of the vehicle while driving? 12-15 seconds.
36%
Retarders Can cause the drive wheels to skid when they have poor traction.
36%
Which of these is especially true about your tires in hot weather? You should check tire mounting and air pressure before driving.
28%
In rear tire failure, dual rear tires will: Usually prevent fishtail.
24%
You are driving a 40-foot vehicle at 35 mph. The road is dry, and visibility is good. What is the least number of seconds in space that you should keep in front of your vehicle to be safe? 4 seconds.
20%
No matching quizzes found
Score Distribution
Percent of People with Each Score
Percentile by Number Answered
Your Score History
You have not taken this quiz